000 00339nam a2200145Ia 4500
008 191201s2009 xx 000 0 und d
082 _a658.15
_bSRF
100 _aSRINIVASAN, N P
245 0 _aFinancial Management
250 _aRep
260 _aN. Delhi
_bVrinda Publications
_c2009
300 _a987
650 _aMBA
942 _2ddc
_cBK
999 _c4672
_d4672